00369nam a22001217a 4500999001900000040000800019082001200027100003200039245005100071300000900122942001200131952010400143 c533599d533599 cdlc a909.829 aSamuel P. Huntington927555 aThe Clash of Civilizations and the remaking  a367p 2ddccBK 00102ddc4070aNITbNITd2020-01-14l2o909.829pNIT-9198r2026-04-13s2026-02-18w2020-01-14yBK